000 00490nam a22001811i 4500
001 21759
010 _a ISBN 85-7312-271-4
090 _a21759
100 _a20170304u u u0frey50 ba
101 0 _apor
200 1 _fOsho
_aVá com calma
_ediscursos sobre Zen-Budismo
210 _cGente
_aSão Paulo
_d1999
215 _a204, [4] p.
_d21 cm
_cVol. 3
300 _aOferta de Jorge Araújo
700 1 _aOsho
_4070
_f1931-1990
702 1 _aUdbuddha
_bSwami Anand
_4730
801 _aPT
_gRPC
990 _cLIVROS